Fruits A-Z - Statistics

General Stats
  • This quiz has been taken 89 times
  • The average score is 16 of 25
Answer Stats
Picture Answer % Correct
Apple
100%
Banana
100%
Cherry
100%
Lemon
91%
Strawberry
89%
Tomato
89%
Watermelon
88%
Grapes
86%
Raspberry
86%
Fig
80%
Nectarine
78%
Dragonfruit
75%
Papaya
74%
Mandarin Oranges
70%
Zucchini
68%
Oranges
66%
Elderberry
57%
Kumquat
50%
Jackfruit
45%
Quince
36%
Huckleberry
28%
Ugli
21%
Valencia Oranges
14%
Indian Mango
7%
Yumberry (Aka Chinese Bayberry)
0%
No matching quizzes found
Score Distribution
Percent of People with Each Score
Percentile by Number Answered
Your Score History
You have not taken this quiz